Normal view
MARC view
Entry Personal Name
001 - CONTROL NUMBER
- control field: 542376
003 - CONTROL NUMBER IDENTIFIER
- control field: OSt
005 - DATE AND TIME OF LATEST TRANSACTION
- control field: 20220930081931.0
008 - FIXED-LENGTH DATA ELEMENTS
- fixed length control field: 220930|| aca||aabn | a|a d
040 ## - CATALOGING SOURCE
- Original cataloging agency: OSt
- Transcribing agency: OSt
100 ## - HEADING--PERSONAL NAME
- Personal name: Dr. Sujata Sharma Gu
670 ## - SOURCE DATA FOUND
- Source citation: Work cat.: (OSt)872245: Banwait Sonali 542375, Comparative study of intrathecal bupivacaine with concomitant administration of epidural fentanyl with and without magnesium sulphate for post-operative analgesia in lower limb surgery, 2010
